Introducción a sistemas y control / (Record no. 7237)

000 -CABECERA
fixed length control field 01114nam a22002777a 4500
003 - IDENTIFICADOR DEL NÚMERO DE CONTROL
control field AR-CdUCM
008 - DATOS DE LONGITUD FIJA--INFORMACIÓN GENERAL
fixed length control field 190320b ||||| |||| 00| 0 spa d
020 ## - NÚMERO INTERNACIONAL ESTÁNDAR DEL LIBRO
ISBN 0-07-090907-5
040 ## - FUENTE DE LA CATALOGACIÓN
Agencia/entidad que catalogó originalmente la obra MUNICIPALIDAD PROVINCIAL DEL CUSCO
Entidad que transcribió la catalogación BIBLIOTECA MUNICIPAL DEL CUSCO
082 ## - NÚMERO DE LA CLASIFICACIÓN DECIMAL DEWEY
No. de Clasificación 621.38195 /
Notacion interna AU88
100 ## - ENTRADA PRINCIPAL--NOMBRE DE PERSONA
Nombre Personal Auslander, David M.
245 ## - MENCIÓN DE TÍTULO
Título Introducción a sistemas y control /
260 ## - PUBLICACIÓN, DISTRIBUCIÓN, ETC.
Lugar de publicación, distribución, etc. Colombia :
Nombre de la editorial, distribuidor, etc. Publicaciones Cultural,
Fecha de publicación, distribución, etc. 1975.
300 ## - DESCRIPCIÓN FÍSICA
Nº de Páginas Extensión VIII, 349 páginas ;
Otros detalles físicos figuras,
Dimensiones 23 cm.
440 ## - MENCIÓN DE SERIE/PUNTO DE ACCESO ADICIONAL--TÍTULO
Título Libros MacGraw-Hill.
9 (RLIN) 20396
505 ## - NOTA DE CONTENIDO CON FORMATO
Nota de contenido formateada Contenido: Sistema dinámico -- Vectores de estado -- Ecuaciones de estado -- Solución de las ecuaciones del sistema por computador -- Solución analítica de la ecuación de estado lineal -- Sistemas de entrada-salida lineal ...
650 ## - PUNTO DE ACCESO ADICIONAL DE MATERIA--TÉRMINO DE MATERIA
Descriptor Sistemas dinámicos
9 (RLIN) 20397
650 ## - PUNTO DE ACCESO ADICIONAL DE MATERIA--TÉRMINO DE MATERIA
Descriptor Contorl
9 (RLIN) 20398
650 ## - PUNTO DE ACCESO ADICIONAL DE MATERIA--TÉRMINO DE MATERIA
Descriptor Vectores, frecuencia
9 (RLIN) 20399
700 ## - PUNTO DE ACCESO ADICIONAL--NOMBRE DE PERSONA
Nombre Personal Takahashi, Yasundo
9 (RLIN) 20400
700 ## - PUNTO DE ACCESO ADICIONAL--NOMBRE DE PERSONA
Nombre Personal Rabins, Michael J. (coautor)
9 (RLIN) 20401
700 ## - PUNTO DE ACCESO ADICIONAL--NOMBRE DE PERSONA
Nombre Personal Osuna Suárez, Jairo (traducción)
9 (RLIN) 20402
942 ## - ELEMENTOS DE PUNTO DE ACCESO ADICIONAL (KOHA)
Fuente de clasificación
Tipo de item Libros-BMC
945 ## - PROCESAMIENTO DE INFORMACIÓN LOCAL (OCLC)
Catalogador achl
Holdings
Estado de retiro (separado) Fuente de clasificación o esquema de estanterías Estado dañado Ubicación Sala donde se ubica Nombre de la colección Fecha de adquisición o compra Costo, precio normal en soles Signatura topográfica Código de Barras Última vez visto (Koha) Tipo de ítem (Koha)
No     Sala Ciencias Sala Ciencias Book Cart 2019-03-20 30.00 621.38195 / AU88 SC0000000323 2019-03-20 Libros-BMC

Powered by Koha